|
|
|
|
| LEADER |
00000nab a2200000 a 4500 |
| 001 |
vtls000913584 |
| 003 |
SK-MaSNL |
| 005 |
20260302173824.0 |
| 008 |
040720e19910107xo 0 slo |
| 035 |
|
|
|a KE22483
|
| 040 |
|
|
|a KEVKJB
|b slo
|c KEVKJB
|e AACR2
|
| 041 |
0 |
|
|a slo
|
| 044 |
|
|
|a xo
|c SK
|
| 080 |
|
|
|a 008
|2 1981
|
| 080 |
|
|
|a 929
|2 1981
|
| 245 |
0 |
0 |
|a Osobnosti kultúrneho života
|
| 600 |
1 |
7 |
|a Kustra, Július,
|d 1884-1943
|2 KEVKJB
|9 178601
|
| 651 |
|
7 |
|a Košice (Slovensko)
|2 KEVKJB
|9 18694
|
| 651 |
|
7 |
|a Levoča (Slovensko)
|2 KEVKJB
|9 26696
|
| 655 |
|
7 |
|a biograické poznámky
|2 snkbucl
|9 882385
|
| 773 |
0 |
8 |
|t Večer
|g Roč. 2, č.4, 7.1.1991, s. 3
|
| 852 |
|
|
|a ZVYKNI
|b KIS3GCP
|
| 999 |
|
|
|c 1402421
|d 1404351
|